<?xml version="1.0" encoding="UTF-8"?>
<record
    xmlns:xsi="http://www.w3.org/2001/XMLSchema-instance"
    xsi:schemaLocation="http://www.loc.gov/MARC21/slim http://www.loc.gov/standards/marcxml/schema/MARC21slim.xsd"
    xmlns="http://www.loc.gov/MARC21/slim">

  <leader>01265nam a22002177a 4500</leader>
  <controlfield tag="003">By Otfinoski, Steven.</controlfield>
  <controlfield tag="005">20220303110611.0</controlfield>
  <controlfield tag="008">220303b        sa ||||| |||| 00| 0 eng d</controlfield>
  <datafield tag="010" ind1=" " ind2=" ">
    <subfield code="a">D790.2</subfield>
  </datafield>
  <datafield tag="020" ind1=" " ind2=" ">
    <subfield code="a">9781491451564</subfield>
    <subfield code="q">paperback</subfield>
  </datafield>
  <datafield tag="040" ind1=" " ind2=" ">
    <subfield code="a">OCLC</subfield>
    <subfield code="b">English</subfield>
    <subfield code="c">OCLC</subfield>
    <subfield code="d">3228</subfield>
    <subfield code="e">RDA</subfield>
  </datafield>
  <datafield tag="050" ind1=" " ind2=" ">
    <subfield code="a">D790.2</subfield>
    <subfield code="b">OTFI</subfield>
  </datafield>
  <datafield tag="082" ind1=" " ind2=" ">
    <subfield code="a">940.5449730922</subfield>
    <subfield code="b">OTFI</subfield>
  </datafield>
  <datafield tag="100" ind1=" " ind2=" ">
    <subfield code="a">Otfinoski, Steven.</subfield>
    <subfield code="d">[2016]</subfield>
    <subfield code="e">Author</subfield>
    <subfield code="9">130624</subfield>
  </datafield>
  <datafield tag="245" ind1=" " ind2=" ">
    <subfield code="a">Pilots in peril! :</subfield>
    <subfield code="b"> the untold story of U.S. pilots who braved "The Hump" in World War II</subfield>
  </datafield>
  <datafield tag="260" ind1=" " ind2=" ">
    <subfield code="a">North Mankato, Minnesota :</subfield>
    <subfield code="b"> Capstone Press</subfield>
    <subfield code="c">2016</subfield>
  </datafield>
  <datafield tag="300" ind1=" " ind2=" ">
    <subfield code="a">232 pages :</subfield>
    <subfield code="b"> illustrations ; </subfield>
    <subfield code="c">19 cm.</subfield>
  </datafield>
  <datafield tag="490" ind1=" " ind2=" ">
    <subfield code="a"> Encounter </subfield>
  </datafield>
  <datafield tag="520" ind1=" " ind2=" ">
    <subfield code="a">Historian Theodore White called it "the most dangerous, terrifying, barbarous aerial transport run in the world...the skyway to Hell." The Hump was a perilous 500-mile flight path across the eastern Himalayan Mountains many U.S. pilots flew during World War II in order to keep the Allies well-supplied in China. Using personal accounts from pilots, rescuers, and U.S. Air Force staff, this fast-paced narrative puts young readers in the cockpit alongside some of the war's bravest pilots</subfield>
  </datafield>
  <datafield tag="942" ind1=" " ind2=" ">
    <subfield code="2">ddc</subfield>
    <subfield code="c">BOOK</subfield>
    <subfield code="h">940.5449730922</subfield>
    <subfield code="i">OTFI</subfield>
    <subfield code="k">940.5449730922 OTFI</subfield>
  </datafield>
  <datafield tag="999" ind1=" " ind2=" ">
    <subfield code="c">631018</subfield>
    <subfield code="d">631017</subfield>
  </datafield>
  <datafield tag="952" ind1=" " ind2=" ">
    <subfield code="0">0</subfield>
    <subfield code="1">0</subfield>
    <subfield code="2">ddc</subfield>
    <subfield code="4">0</subfield>
    <subfield code="7">0</subfield>
    <subfield code="8">900</subfield>
    <subfield code="a">KWAML</subfield>
    <subfield code="b">MAPHL</subfield>
    <subfield code="c">GEN</subfield>
    <subfield code="d">2022-03-03</subfield>
    <subfield code="l">0</subfield>
    <subfield code="o">940.5449730922 OTFI</subfield>
    <subfield code="p">33228031020939</subfield>
    <subfield code="r">2022-03-03</subfield>
    <subfield code="w">2022-03-03</subfield>
    <subfield code="y">CR</subfield>
  </datafield>
  <datafield tag="952" ind1=" " ind2=" ">
    <subfield code="0">0</subfield>
    <subfield code="1">0</subfield>
    <subfield code="2">ddc</subfield>
    <subfield code="4">0</subfield>
    <subfield code="7">0</subfield>
    <subfield code="a">LYDEL</subfield>
    <subfield code="b">THULL</subfield>
    <subfield code="d">2023-04-19</subfield>
    <subfield code="l">0</subfield>
    <subfield code="o">940.5449730922 OTFI</subfield>
    <subfield code="p">33228031025863</subfield>
    <subfield code="r">2023-04-19</subfield>
    <subfield code="w">2023-04-19</subfield>
    <subfield code="y">BOOK</subfield>
  </datafield>
  <datafield tag="952" ind1=" " ind2=" ">
    <subfield code="0">0</subfield>
    <subfield code="1">0</subfield>
    <subfield code="2">ddc</subfield>
    <subfield code="4">0</subfield>
    <subfield code="7">0</subfield>
    <subfield code="8">900</subfield>
    <subfield code="a">STANRL</subfield>
    <subfield code="b">THUTL</subfield>
    <subfield code="c">GEN</subfield>
    <subfield code="d">2023-10-26</subfield>
    <subfield code="g">270.00</subfield>
    <subfield code="l">0</subfield>
    <subfield code="o">940.5449730922 OTFI</subfield>
    <subfield code="p">33228031007117</subfield>
    <subfield code="r">2023-10-26</subfield>
    <subfield code="w">2023-10-26</subfield>
    <subfield code="y">BOOK</subfield>
  </datafield>
</record>
